Responses for Show #6432 - Tuesday, July 31, 2012

2012 Kids Week game 2.

Contestants

[<< previous game]

Arjun Malhotra, a 12-year-old from Sammamish, Washington

Injee Hong, a 12-year-old from Metairie, Louisiana

Ryan Griffin, an 11-year-old from Waldwick, New Jersey

[next game >>]

Jeopardy! Round responses

HIDING PLACES
SUPER BOWL WINNERS
NAME THAT CONTINENT
THE PLANETS
HODGEPODGE
GETTING DRESSED
    $200 17
a closet

Arjun
    $200 10
the New York Giants

Ryan
    $200 20
Asia

InJee
    $200 18
Jupiter

Arjun
    $200 6
Apple

Ryan
    $200 2
Crocs

InJee
    $400 21
(Injee: What is a pit?)

a curtain

InJee
Triple Stumper
    $400 13
the New Orleans Saints

Arjun
    $400 26
Europe

Ryan
    $400 1
Saturn

InJee
    $400 29
Martin Luther King

Arjun
    $400 3
mesh

Triple Stumper
    $600 22
the attic

Ryan
    $600 14
the Green Bay Packers

InJee
    $600 25
Africa

Arjun
    $2,000 19
Mars

Arjun
    $600 28
Ben & Jerry's

Arjun
    $600 4
leggings

InJee
    $800 27
a pantry

InJee
    $800 15
the Baltimore Ravens

Arjun
    $800 8
Australia

InJee
    $800 12
Venus

InJee
    $800 30
a preposition

InJee
    $800 5
(Arjun: What is a turtle?)
(Alex: Right. No! Sorry.)
[No one else rings in.]
(Alex: It's a mock turtleneck, not a mock turtle. [Looking at the judges' table] Although we'll be checking on that one, I think.)
[The ruling was later reversed to give Arjun credit for turtle.]

a turtle(neck)

Arjun
    $1000 24
a garage

Ryan
    $1000 16
the Pittsburgh Steelers

InJee
    $1000 7
Antarctica

Ryan
    $1000 11
Uranus

Ryan
    $1000 23
Thomas Jefferson

Ryan
    $1000 9
a tunic

Triple Stumper

Scores at the first commercial break (after clue 15):

Ryan InJee Arjun
$2,400 $3,400 $2,000

Scores at the end of the Jeopardy! Round:

Ryan InJee Arjun
$5,400 $5,800 $6,000

Double Jeopardy! Round responses

MALADIES
TV OR NOT TV
MEASURE FOR MEASURE
SAY GOODBYE
(Alex: I will [*] in a language and you identify it.)
AMERICAN HISTORY
THE WIZARDING WORLD OF HARRY POTTER
(Sarah: ...at Universal Orlando, where you can experience the sights, sounds, and even the tastes of this magical world based on the Harry Potter films.)
    $400 22
throat

Arjun
    $400 16
the Lorax

Arjun
    $400 15
180

Ryan
    $400 6
Spanish

Arjun
    $400 2
Anchorage

Arjun
    $400 20
Hogwarts

Ryan
    $800 24
(Ryan: What's [pause] saliva glands?)

salivary glands

RyanArjun
    $800 17
The Fairly OddParents

Ryan
    $2,000 11
24

Ryan
    $800 7
French

Ryan
    $800 3
Davy Crockett

Ryan
    $800 28
Dumbledore

InJee
    $1200 25
arthritis

Ryan
    $1200 23
Alvin and the Chipmunks: Chipwrecked

Ryan
    $1200 14
kilogram

Ryan
    $1200 8
Hawaiian

Ryan
    $2,000 5
the Oregon Trail

InJee
    $1200 29
Hagrid

Ryan
    $1600 27
asthma

Arjun
    $1600 19
Are You Smarter than a Fifth Grader?

InJee
    $1600 13
an acre

Ryan
    $1600 9
(Arjun: What is Russian?)

Italian

RyanArjun
    $1600 4
the Mayflower Compact

InJee
    $1600 21
butterbeer

InJee
    $2000 26
tetanus

Triple Stumper
    $2000 18
How It's Made

Ryan
    $2000 12
(Arjun: What is 3,000?)

300,000

RyanArjun
    $2000 10
Japanese

Ryan
    $2000 1
the Northwest Territory

InJee
    $2000 30
Harry Potter and the Chamber of Secrets

Arjun

Scores at the end of the Double Jeopardy! Round:

Ryan InJee Arjun
$25,000 $15,400 $8,400

[wagering suggestions for these scores]

Final Jeopardy! Round responses

KIDS' BUSINESS
ArjunWhat is American Eagle
$8,400
InJeeWhat is Toys R Us?
$14,500
RyanWhat is Dunkin Donuts
$13,000
Toys "R" Us

Final scores:

Ryan InJee Arjun
$12,000 $29,900 $0
2nd place: $2,000 Winner: $29,900 3rd place: $1,000

Game dynamics:

Coryat scores:

Ryan InJee Arjun
$23,800 $14,600 $7,000
24 R
(including 1 DD),
1 W
16 R
(including 1 DD),
1 W
16 R
(including 1 DD),
2 W

Combined Coryat: $45,400

[game clues] [game scores] [suggest correction]

Game tape date: 2012-03-05
The J! Archive is created by fans, for fans. Scraping, republication, monetization, and malicious use prohibited; this site may use cookies and collect identifying information. See terms. The Jeopardy! game show and all elements thereof, including but not limited to copyright and trademark thereto, are the property of Jeopardy Productions, Inc. and are protected under law. This website is not affiliated with, sponsored by, or operated by Jeopardy Productions, Inc. Join the discussion at JBoard.tv.